| 000 | 00000nam##2200000za#4500 |
| 001 | 9.618905 |
| 003 | CaOODSP |
| 005 | 20210615103123 |
| 007 | ta |
| 008 | 150406|2008||||xxc||||| f|0| 0 eng|d |
| 040 | |aCaOODSP|beng |
| 043 | |an-cn--- |
| 086 | 1 |aNH18-24/7-2008E |
| 110 | 2 |aCanada Mortgage and Housing Corporation. |
| 245 | 10|aAfter the flood : |ba homeowner's checklist |
| 260 | |bCanada Mortgage and Housing Corporation |cc1996, revised 2008. |
| 300 | |a3p. ; |c28 cm. |
| 490 | 1 |aAbout your house|vCE7 |
| 563 | |aPamphlet |
| 590 | |a08-27|b2008-07-04 |
| 690 | 07|aHome renovations|2gcpds |
| 690 | 07|aSafety measures|2gcpds |
| 775 | 08|tAprès une inondation : |w(CaOODSP)9.627894 |
| 776 | 0#|tAfter the flood : |w(CaOODSP)9.564283 |
| 830 | #0|aAbout your house ;|vCE7|w(CaOODSP)9.514828 |